| 000 | 00699nam a2200217 u 4500 | ||
|---|---|---|---|
| 005 | 20240823063912.0 | ||
| 008 | 100427s2005 r 000 0 eng d | ||
| 020 | _a987115187X (10 dígitos) | ||
| 020 | _a9789871151875 (13 dífgitos) | ||
| 035 | _aUPN01000175571 | ||
| 049 | _aI | ||
| 050 | 4 |
_aPQ7798.26 E7.2 _bP4.7 |
|
| 100 | 1 | _aPeralta, Renato | |
| 245 | 1 | 0 |
_aUn perro llamado Cual / _cRenato Peralta ; il. Mónica Weiss y Virginia Piñon. |
| 260 |
_aCórdoba, Arg. : _bComunicarte, _c2005. |
||
| 300 | _a121 p. | ||
| 440 | 0 |
_aVeinte escalones ; _v1. _pA partir de 9 años |
|
| 650 | 0 |
_aLiteratura juvenil argentina _912413 |
|
| 650 | 4 |
_aNovela argentina _ySiglo XX _915400 |
|
| 905 | _aLibro | ||
| 999 |
_c147675 _d147675 |
||